Les colònies de gats en l'àmbit urbà
Descripción Física:
1 díptic ; il. col. ; 10 x 21 cm.
Idioma:
Catalán
MARC
| LEADER | 00000nam a22000007a 4500 | ||
|---|---|---|---|
| 001 | 27438 | ||
| 003 | Arxiu | ||
| 005 | 20260324181154.0 | ||
| 008 | 230228b spa||||| |||| 00| 0 cat d | ||
| 017 | |a B 10735-2022 | ||
| 040 | |a agdb |b cat | ||
| 041 | |a cat | ||
| 245 | |a Les colònies de gats en l'àmbit urbà | ||
| 260 | |a Barcelona : |b Diputació de Barcelona ; |c 2022 | ||
| 300 | |a 1 díptic ; |b il. col. ; |c 10 x 21 cm. | ||
| 650 | 0 | |a Gats |x Control biològic |z Pobla de Claramunt (Catalunya) | |
| 710 | |a Barcelona (Catalunya : Província). |b Àrea d'Igualtat i Sostenibilitat Social |9 55833 | ||
| 710 | 1 | |9 53875 |a Pobla de Claramunt (Catalunya). |b Ajuntament | |
| 942 | |2 udc |c ARXIU |n 1 | ||
| 952 | |0 0 |1 0 |2 udc |4 0 |6 FU7487 |7 1 |9 65390 |a Arxiu |b Arxiu |d 2023-02-28 |l 0 |o FU-74-87 |p 27438 |r 2023-02-28 00:00:00 |w 2023-02-28 |y ARXIU | ||
| 999 | |c 83119 |d 83119 | ||